التقطيع العروضى الحرفى للمعلقات العشر/ (رقم التسجيلة. 87713)

تفاصيل مارك
000 -LEADER
fixed length control field 00886nam a2200241 a 4500
003 - CONTROL NUMBER IDENTIFIER
control field EG-GiCUC
008 - FIXED-LENGTH DATA ELEMENTS--GENERAL INFORMATION
fixed length control field 061019s2003 su g 000 0 ara d
017 ## - COPYRIGHT OR LEGAL DEPOSIT NUMBER
Copyright or legal deposit number 1424 / 4662
Assigning agency السعودية.مكتبة الملك فهد الوطنية
020 ## - INTERNATIONAL STANDARD BOOK NUMBER
International Standard Book Number 9960107132
040 ## - CATALOGING SOURCE
Original cataloging agency EG-GiCUC
Language of cataloging ara
Transcribing agency EG-GiCUC
092 04 - LOCALLY ASSIGNED DEWEY CALL NUMBER (OCLC)
Classification number 416
Item number J329
Edition number 21
099 ## - LOCAL FREE-TEXT CALL NUMBER (OCLC)
Classification number 04
-- 416 J329
100 1# - MAIN ENTRY--PERSONAL NAME
Personal name جوهرجى : محمد اسماعيل
245 12 - TITLE STATEMENT
Title التقطيع العروضى الحرفى للمعلقات العشر/
Statement of responsibility, etc. محمد اسماعيل جوهرجى
260 ## - PUBLICATION, DISTRIBUTION, ETC.
Place of publication, distribution, etc. جدة :
Name of publisher, distributor, etc. مؤسسة عكاظ للصحافة و النشر :
Date of publication, distribution, etc. 2003
300 ## - PHYSICAL DESCRIPTION
Extent 406ص ؛
Dimensions 27سم
630 27 - SUBJECT ADDED ENTRY--UNIFORM TITLE
Uniform title المعلقات
Source of heading or term qrmak
650 #7 - SUBJECT ADDED ENTRY--TOPICAL TERM
Topical term or geographic name entry element اللغة العربية
General subdivision العروض والقوافى
Source of heading or term qrmak
902 ## - LOCAL DATA ELEMENT B, LDB (RLIN)
No. of Items 1
905 ## - LOCAL DATA ELEMENT E, LDE (RLIN)
Cataloger ايمان ع
Reviser مراجع
905 ## - LOCAL DATA ELEMENT E, LDE (RLIN)
Cataloger شكرية
Reviser مدخل
942 ## - ADDED ENTRY ELEMENTS (KOHA)
Source of classification or shelving scheme Dewey Decimal Classification
Koha item type Books
المقتنيات
Source of classification or shelving scheme Not for loan Home library Current library Date acquired Full call number Barcode Date last seen Copy number Koha item type
Dewey Decimal Classification   المكتبة المركزبة الجديدة - جامعة القاهرة قاعة الكتب - الدور الثاني 11.02.2024 416 J329 01000100110983000 22.09.2023 C.1 Books
Cairo University Libraries Portal Implemented & Customized by: Eng. M. Mohamady Contacts: new-lib@cl.cu.edu.eg | cnul@cl.cu.edu.eg
CUCL logo CNUL logo
© All rights reserved — Cairo University Libraries
CUCL logo
Implemented & Customized by: Eng. M. Mohamady Contact: new-lib@cl.cu.edu.eg © All rights reserved — New Central Library
CNUL logo
Implemented & Customized by: Eng. M. Mohamady Contact: cnul@cl.cu.edu.eg © All rights reserved — Cairo National University Library